The Apologetics Study Bible : (Record no. 4756)

MARC details
000 -LEADER
fixed length control field 01955cam a2200529Ia 4500
001 - CONTROL NUMBER
control field 456112
003 - CONTROL NUMBER IDENTIFIER
control field GBCCL
005 - DATE AND TIME OF LATEST TRANSACTION
control field 20241126110526.0
008 - FIXED-LENGTH DATA ELEMENTS--GENERAL INFORMATION
fixed length control field 070309s2007 tnubd b 001 0 eng d
020 ## - INTERNATIONAL STANDARD BOOK NUMBER
International Standard Book Number 9781586400248
020 ## - INTERNATIONAL STANDARD BOOK NUMBER
International Standard Book Number 158640024X
020 ## - INTERNATIONAL STANDARD BOOK NUMBER
International Standard Book Number 9781586404468
020 ## - INTERNATIONAL STANDARD BOOK NUMBER
International Standard Book Number 1586404466
020 ## - INTERNATIONAL STANDARD BOOK NUMBER
International Standard Book Number 9781586405106
020 ## - INTERNATIONAL STANDARD BOOK NUMBER
International Standard Book Number 1586405101
020 ## - INTERNATIONAL STANDARD BOOK NUMBER
International Standard Book Number 9781433602856
020 ## - INTERNATIONAL STANDARD BOOK NUMBER
International Standard Book Number 1433602857
029 1# -
-- NZ1
-- 13179774
029 1# -
-- DEBSZ
-- 392606232
029 1# -
-- AU@
-- 000054346122
035 ## - SYSTEM CONTROL NUMBER
System control number (OCoLC)ocn144228308
035 ## - SYSTEM CONTROL NUMBER
System control number (OCoLC)144228308
Canceled/invalid control number (OCoLC)144228299
-- (OCoLC)183198052
-- (OCoLC)676787284
-- (OCoLC)812802924
040 ## - CATALOGING SOURCE
Original cataloging agency BTCTA
Language of cataloging eng
Transcribing agency BTCTA
Modifying agency BAKER
-- YDXCP
-- NVS
-- KEU
-- OCLCG
-- CBC
-- OCLCQ
-- KCK
-- IEB
-- BDX
-- TWE
-- OCLCO
-- OCLCQ
-- OCLCF
-- LBB
049 ## -
-- LBBK
050 #4 -
-- BS195
-- .H638 2007
082 04 - DEWEY DECIMAL CLASSIFICATION NUMBER
Classification number 220.52
Item number APO
090 ## - LOCALLY ASSIGNED LC-TYPE CALL NUMBER (OCLC); LOCAL CALL NUMBER (RLIN)
Classification number (OCLC) (R) ; Classification number, CALL (RLIN) (NR) BS195
Local cutter number (OCLC) ; Book number/undivided call number, CALL (RLIN) .H638 2007
245 04 - TITLE STATEMENT
Title The Apologetics Study Bible :
Remainder of title understand why you believe /
Statement of responsibility, etc. Ted Cabal, general editor ; associate editors, Chad Owen Brand, E. Ray Clendenen, Paul Copan, J.P. Moreland.
260 ## - PUBLICATION, DISTRIBUTION, ETC.
Place of publication, distribution, etc. Nashville, Tenn. :
Name of publisher, distributor, etc. Holman Bible Pub.,
Date of publication, distribution, etc. 2007.
300 ## - PHYSICAL DESCRIPTION
Extent xxxv, 2008 pages :
Other physical details color charts, color maps ;
Dimensions 24 cm
336 ## - CONTENT TYPE
Content type term text
Content type code txt
Source rdacontent
337 ## - MEDIA TYPE
Media type term unmediated
Media type code n
Source rdamedia
338 ## - CARRIER TYPE
Carrier type term volume
Carrier type code nc
Source rdacarrier
500 ## - GENERAL NOTE
General note "Real questions, straight answers, stronger faith."
504 ## - BIBLIOGRAPHY, ETC. NOTE
Bibliography, etc. note Includes bibliographical references and index.
630 00 - SUBJECT ADDED ENTRY--UNIFORM TITLE
Uniform title Bible
Form subdivision Commentaries.
9 (RLIN) 200
630 07 - SUBJECT ADDED ENTRY--UNIFORM TITLE
Uniform title Bible.
Source of heading or term fast
Authority record control number or standard number (OCoLC)fst01356024
9 (RLIN) 599
650 #0 - SUBJECT ADDED ENTRY--TOPICAL TERM
Topical term or geographic name entry element Apologetics.
9 (RLIN) 85
650 #7 - SUBJECT ADDED ENTRY--TOPICAL TERM
Topical term or geographic name entry element Apologetics.
Source of heading or term fast
Authority record control number or standard number (OCoLC)fst00811449
9 (RLIN) 85
655 #7 - INDEX TERM--GENRE/FORM
Genre/form data or focus term Commentaries.
Source of term fast
Authority record control number or standard number (OCoLC)fst01423723
9 (RLIN) 875
700 1# - ADDED ENTRY--PERSONAL NAME
Personal name Cabal, Ted.
9 (RLIN) 8681
700 1# - ADDED ENTRY--PERSONAL NAME
Personal name Brand, Chad.
9 (RLIN) 8682
700 1# - ADDED ENTRY--PERSONAL NAME
Personal name Copan, Paul.
9 (RLIN) 8683
700 1# - ADDED ENTRY--PERSONAL NAME
Personal name Moreland, James Porter,
Dates associated with a name 1948-
9 (RLIN) 2245
730 0# -
-- Bible.
-- English.
-- Holman Christian Standard Bible.
-- 2003.
-- 8684
942 ## - ADDED ENTRY ELEMENTS (KOHA)
Source of classification or shelving scheme Dewey Decimal Classification
Koha item type Reference Books
Holdings
Withdrawn status Lost status Source of classification or shelving scheme Damaged status Not for loan Home library Current Library Shelving location Date acquired Total checkouts Full call number Barcode Date last seen Copy number Price effective from Koha item type
    Dewey Decimal Classification     GRACE BIBLE COLLEGE GRACE BIBLE COLLEGE Bible 2018-02-05   220.52 APO 014545 2025-05-01 c.2 2018-02-05 Reference Books
    Dewey Decimal Classification     GRACE BIBLE COLLEGE GRACE BIBLE COLLEGE Bible 2018-02-05   220.52 APO 014544 2025-05-01 c.1 2018-02-05 Reference Books
© Grace Bible College Library 2025